Infra-red monitoring as a tool to forecast heat power industry systems to be safe to work; Математическое моделирование опасных природных явлений и катастроф

Bibliographic Details
Parent link:Математическое моделирование опасных природных явлений и катастроф.— 2008.— С. 193
Main Author: Troitsky O. Yu. Oleg Yurievich
Other Authors: Medvedev V. V.
Summary:В фонде НТБ ТПУ отсутствует
Language:English
Published: 2008
Subjects:
Format: MixedMaterials Book Chapter
KOHA link:https://koha.lib.tpu.ru/cgi-bin/koha/opac-detail.pl?biblionumber=599842

MARC

LEADER 00000naa0a2200000 4500
001 599842
005 20250724090537.0
035 |a (RuTPU)RU\TPU\tpu\23994 
090 |a 599842 
100 |a 20131119d2008 k||y0rusy50 ca 
101 0 |a eng 
102 |a RU 
200 1 |a Infra-red monitoring as a tool to forecast heat power industry systems to be safe to work  |f O. Yu. Troitsky, V. V. Medvedev 
320 |a Библиогр.: с. 193 (3 назв.) 
333 |a В фонде НТБ ТПУ отсутствует 
463 |t Математическое моделирование опасных природных явлений и катастроф  |o материалы 7-й Международной конференции 30 июня - 4 июля 2008 г.  |v С. 193  |d 2008 
610 1 |a труды учёных ТПУ 
700 1 |a Troitsky  |b O. Yu.  |c physicist  |c Professor of Tomsk Polytechnic University, Doctor of physical and mathematical sciences  |f 1943-  |g Oleg Yurievich  |3 (RuTPU)RU\TPU\pers\31261 
701 1 |a Medvedev  |b V. V. 
801 1 |a RU  |b 63413507  |c 20131119 
801 2 |a RU  |b 63413507  |c 20131119  |g RCR 
850 |a 63413507 
942 |c BK